000 00482nam a22001811a 4500
001 7402
003 OSt
005 20260204212129.0
008 071117s1999||||mx ||||||b||||||||||spa||
020 _a9682433835
050 _a635.652 F916c
245 _aFrijol y chicharro / Basado en el trabjo de David B. Parsons M.
264 _aMéxico : Trillas
300 _a58 p
490 _aProducción vegetal No.12
650 _aFrijoles - Horticultura 2.AgriculturaÌ
942 _2ddc
_cBK
999 _c7402
_d7402